LEADER 01354nam 2200313Ia 450 001 996393031903316 005 20200824132849.0 035 $a(CKB)1000000000681672 035 $a(EEBO)2240909487 035 $a(EXLCZ)991000000000681672 100 $a19830401d1693 uy | 101 0 $aeng 135 $aurbn||||a|bb| 200 13$aAn account of the conversion of Theodore John, a late teacher among the Jews$b[electronic resource] $etogether with his confession of faith which he delivered immediately before he was baptized in the presence of the Lutheran congregation in the German church in Little-Trinity Lane, London on the 23d. Sunday after Trinity, being the 31st of October ... 1692 /$ftranslated out of High Dutch into English 210 $aLondon $cPrinted for John Dunton$d1693 215 $a[12], 54, [6] p 300 $aReproduction of original in the Bodleian Library. 330 $aeebo-0014 606 $aChristian converts from Judaism 606 $aJews$xConversion to Christianity 615 0$aChristian converts from Judaism. 615 0$aJews$xConversion to Christianity. 700 $aJohn$b Theodore$01005278 801 1$bEEU 801 2$bWaOLN 906 $aBOOK 912 $a996393031903316 996 $aAn account of the conversion of Theodore John, a late teacher among the Jews$92310915 997 $aUNISA LEADER 01137aam a2200277 i 4500 001 991002005839707536 008 130327s2011 it ah b 001 0 ita 020 $a9788861296510 020 $a8861296513 035 $ab1410586x-39ule_inst 040 $aDip.to di Storia, Societą e Studi sull'Uomo - Sez. Studi Storici$bita 082 04$a305.800945 100 1 $aGiuman, Marco$0477410 245 10$aNigra subucula induti :$bimmagine, classicitą e questione della razza nella propaganda dell'Italia fascista /$cMarco Giumam, Ciro Parodo 260 $aPadova :$bCLEUP,$c2011 300 $a368 p. ;$bill. ;$c24 cm. 440 0$aIthaca 500 $aSegue: Appendice iconografica 651 4$aItalia$xFascismo$xPolitica razziale 700 1 $aParodo, Ciro$eauthor$4http://id.loc.gov/vocabulary/relators/aut$0612174 907 $a.b1410586x$b02-04-14$c27-03-13 912 $a991002005839707536 945 $aLE023 305.8009 GIU 1 1$g1$i2023000160930$lle023$op$pE24.00$q-$rl$s- $t0$u1$v0$w1$x0$y.i15498074$z11-04-13 996 $aNigra subucula induti$91139939 997 $aUNISALENTO 998 $ale023$b09-04-13$cm$da $e-$fita$git $h0$i0